01440nam a2200253 450000500170000000800410001704000440005804100080010208200170011010000360012724200900016324500930025326000470034630000360039349000660042950004280049550600210092354600510094465000230099570000280101870000310104670000350107785600740111220170201101951.0170201s1920 xxu||||fr|||| 000 0 eng d aCO-BoUCMbspacSandra YazodSandra Yazo1 aeng 220a863.98611 aMarroquín, Lorenzod1856-191800aPazcDe Lorenzo Marroquín ; Traducción de Isaac Goldberg y W. V. Schierbrandyspa10aPax (Peace)cby Lorenzo Marroquín ; Translated by Isaac Goldberg and W. V. Schierbrand aNew York (EStados Unidos)bBretano'sc1920 aviii, 480 páginasc19 x 14 cm aBrentano’s Hispano-American [Hispano-Americana de Brentano] aDetalles físicos: Encuadernación rígida en cartón duro forrado en tela texturizada. Lomo y tapas con datos de publicación impresos en tinta negra. Guardas. Anteportada, con anotación manuscrita. Portada impresa en dos tintas, con un pequeño grabado (lema Numquam dormio: Nunca duermo). Texto impreso en una sola columna. Notas de pie de página en la introducción. Ejemplar en buen estado de conservación aConsulta en sala aTexto en inglés con expresiones en español 7aNovela colombiana 1 aGoldberg, Isaaceeditor1 aGoldberg, Isaacetraductor1 aSchierbrand, W. V. etraductor41uhttps://archive.org/details/paxpeace00marruoftzDisponible en línea